|
|
|
|
| LEADER |
00000nam0a2200000 4500 |
| 001 |
354960 |
| 005 |
20231102010738.0 |
| 035 |
|
|
|a (RuTPU)RU\TPU\retro\12219
|
| 090 |
|
|
|a 354960
|
| 100 |
|
|
|a 20200629d1979 m y0rusy50 ca
|
| 101 |
0 |
|
|a rus
|
| 102 |
|
|
|a RU
|
| 105 |
|
|
|a a j 001zy
|
| 200 |
1 |
|
|a Расчет группового резьбового соединения
|e учебное пособие
|f В. Л. Попов, Д. А. Каплан
|g Ярославский политехнический институт
|
| 210 |
|
|
|a Ярославль
|c Ярославский политехнический институт
|d 1979
|
| 215 |
|
|
|a 49 с.
|c ил.
|
| 320 |
|
|
|a Библиогр.: с. 49
|
| 606 |
1 |
|
|a Резьбовые соединения
|x Расчет
|2 stltpush
|3 (RuTPU)RU\TPU\subj\24797
|9 49080
|
| 610 |
1 |
|
|a осевая нагрузка
|
| 610 |
1 |
|
|a стыки
|
| 610 |
1 |
|
|a податливость
|
| 610 |
1 |
|
|a коэффициент
|
| 610 |
1 |
|
|a шайбы
|
| 610 |
1 |
|
|a прокладки
|
| 610 |
1 |
|
|a затяжка
|
| 610 |
1 |
|
|a болты
|
| 610 |
1 |
|
|a соединительные муфты
|
| 610 |
1 |
|
|a зубчатые передачи
|
| 610 |
1 |
|
|a учебные пособия
|
| 675 |
|
|
|a 621.882.001(075.8)
|v 4
|
| 700 |
|
1 |
|a Попов
|b В. Л.
|
| 701 |
|
1 |
|a Каплан
|b Д. А.
|
| 712 |
0 |
2 |
|a Ярославский политехнический институт
|2 stltpush
|3 (RuTPU)RU\TPU\col\7887
|9 24407
|
| 801 |
|
1 |
|a RU
|b 63413507
|c 20200629
|
| 801 |
|
2 |
|a RU
|b 63413507
|c 20201224
|g RCR
|
| 942 |
|
|
|c BK
|